{"text_format":"1","workbook":"xlsx","n_sheets":1,"sheets":["Лист_1"],"not_rendered":{"charts":0,"images":0,"macros":1,"external_links":0,"defined_names":0,"comments":0,"pivot_tables":0},"unopened":[],"bounds":{"document_bytes":16777216,"sheet_cells":100000,"rows_first":2000,"rows_last":500,"rows_between":2000,"halvings":0,"cell_chars":16384,"cell_head_chars":4096},"cells_cut":0,"cells_raw":0,"read":"whole","date_system":"1900"}

{"sheet":"Лист_1","index":0,"n_rows":52,"n_cols":51,"rows_kept":52,"cut":false,"hidden":false,"merged":[[2,1,3,32],[2,33,2,39],[2,40,2,57],[3,33,4,39],[3,40,4,57],[4,1,4,32],[5,1,5,3],[5,4,5,13],[5,14,5,17],[5,18,5,32],[5,33,8,39],[5,40,8,57],[6,1,7,32],[8,1,8,32],[10,1,11,56],[12,1,12,56],[14,1,15,5],[14,6,15,56],[17,1,18,5],[17,6,18,56],[20,1,20,5],[20,6,20,56],[22,1,22,2],[22,3,22,34],[22,35,22,40],[22,41,22,43],[22,44,22,48],[22,49,22,55],[23,1,23,2],[23,3,23,34],[23,35,23,40],[23,41,23,43],[23,44,23,48],[23,49,23,55],[24,1,24,2],[24,3,24,34],[24,35,24,40],[24,41,24,43],[24,44,24,48],[24,49,24,55],[25,1,25,2],[25,3,25,34],[25,35,25,40],[25,41,25,43],[25,44,25,48],[25,49,25,55],[26,1,26,2],[26,3,26,34],[26,35,26,40],[26,41,26,43],[26,44,26,48],[26,49,26,55],[27,1,27,2],[27,3,27,34],[27,35,27,40],[27,41,27,43],[27,44,27,48],[27,49,27,55],[28,1,28,2],[28,3,28,34],[28,35,28,40],[28,41,28,43],[28,44,28,48],[28,49,28,55],[29,1,29,2],[29,3,29,34],[29,35,29,40],[29,41,29,43],[29,44,29,48],[29,49,29,55],[30,1,30,2],[30,3,30,34],[30,35,30,40],[30,41,30,43],[30,44,30,48],[30,49,30,55],[31,1,31,2],[31,3,31,34],[31,35,31,40],[31,41,31,43],[31,44,31,48],[31,49,31,55],[32,1,32,2],[32,3,32,34],[32,35,32,40],[32,41,32,43],[32,44,32,48],[32,49,32,55],[33,1,33,2],[33,3,33,34],[33,35,33,40],[33,41,33,43],[33,44,33,48],[33,49,33,55],[34,1,34,2],[34,3,34,34],[34,35,34,40],[34,41,34,43],[34,44,34,48],[34,49,34,55],[35,1,35,2],[35,3,35,34],[35,35,35,40],[35,41,35,43],[35,44,35,48],[35,49,35,55],[36,1,36,2],[36,3,36,34],[36,35,36,40],[36,41,36,43],[36,44,36,48],[36,49,36,55],[51,13,51,33],[51,48,51,56],[38,50,38,55],[39,50,39,55],[40,50,40,55],[41,1,41,56],[42,1,42,54],[44,1,44,56],[45,1,45,56],[46,1,46,56],[47,1,47,56]]}
[]
[]
[null,"ПАО Сбербанк г. Москва",null,null,null,null,null,null,null,null,null,null,null,null,null,null,null,null,null,null,null,null,null,null,null,null,null,null,null,null,null,null,null,"БИК"]
[null,null,null,null,null,null,null,null,null,null,null,null,null,null,null,null,null,null,null,null,null,null,null,null,null,null,null,null,null,null,null,null,null,"Сч. №"]
[null,"Банк получателя"]
[null,"ИНН",null,null,null,null,null,null,null,null,null,null,null,null,"КПП",null,null,null,null,null,null,null,null,null,null,null,null,null,null,null,null,null,null,"Сч. №"]
[]
[]
[null,"Получатель"]
[]
[null,"Счет на оплату №  от 18 июня 2024 г."]
[]
[]
[]
[null,"Поставщик\n(Исполнитель):"]
[]
[]
[null,"Покупатель\n(Заказчик):"]
[]
[]
[null,"Основание:"]
[]
[null,"№",null,"Товары (работы, услуги)",null,null,null,null,null,null,null,null,null,null,null,null,null,null,null,null,null,null,null,null,null,null,null,null,null,null,null,null,null,null,null,"Кол-во",null,null,null,null,null,"Ед.",null,null,"Цена",null,null,null,null,"Сумма"]
[null,"1",null,"ТЕКСТ….",null,null,null,null,null,null,null,null,null,null,null,null,null,null,null,null,null,null,null,null,null,null,null,null,null,null,null,null,null,null,null,10,null,null,null,null,null,"шт",null,null,2703,null,null,null,null,27030]
[null,"2",null,"ТЕКСТ….",null,null,null,null,null,null,null,null,null,null,null,null,null,null,null,null,null,null,null,null,null,null,null,null,null,null,null,null,null,null,null,50,null,null,null,null,null,"шт",null,null,95,null,null,null,null,4750]
[null,"3",null,"ТЕКСТ….",null,null,null,null,null,null,null,null,null,null,null,null,null,null,null,null,null,null,null,null,null,null,null,null,null,null,null,null,null,null,null,20,null,null,null,null,null,"шт",null,null,11558,null,null,null,null,231160]
[null,"4",null,"ТЕКСТ….",null,null,null,null,null,null,null,null,null,null,null,null,null,null,null,null,null,null,null,null,null,null,null,null,null,null,null,null,null,null,null,8,null,null,null,null,null,"шт",null,null,5227,null,null,null,null,41816]
[null,"5",null,"ТЕКСТ….",null,null,null,null,null,null,null,null,null,null,null,null,null,null,null,null,null,null,null,null,null,null,null,null,null,null,null,null,null,null,null,17,null,null,null,null,null,"шт",null,null,"           ",null,null,null,null,87091]
[null,"6",null,"ТЕКСТ….",null,null,null,null,null,null,null,null,null,null,null,null,null,null,null,null,null,null,null,null,null,null,null,null,null,null,null,null,null,null,null,6,null,null,null,null,null,"шт",null,null,7407,null,null,null,null,44442]
[null,"7",null,"ТЕКСТ….",null,null,null,null,null,null,null,null,null,null,null,null,null,null,null,null,null,null,null,null,null,null,null,null,null,null,null,null,null,null,null,2,null,null,null,null,null,"шт",null,null,9273,null,null,null,null,18546]
[null,"8",null,"ТЕКСТ….",null,null,null,null,null,null,null,null,null,null,null,null,null,null,null,null,null,null,null,null,null,null,null,null,null,null,null,null,null,null,null,1,null,null,null,null,null,"шт",null,null,18412,null,null,null,null,18412]
[null,"9",null,"ТЕКСТ….",null,null,null,null,null,null,null,null,null,null,null,null,null,null,null,null,null,null,null,null,null,null,null,null,null,null,null,null,null,null,null,3,null,null,null,null,null,"шт",null,null,5936,null,null,null,null,17808]
[null,"10",null,"ТЕКСТ….",null,null,null,null,null,null,null,null,null,null,null,null,null,null,null,null,null,null,null,null,null,null,null,null,null,null,null,null,null,null,null,1,null,null,null,null,null,"шт",null,null,5401,null,null,null,null,5401]
[null,"11",null,"ТЕКСТ….",null,null,null,null,null,null,null,null,null,null,null,null,null,null,null,null,null,null,null,null,null,null,null,null,null,null,null,null,null,null,null,1,null,null,null,null,null,"шт",null,null,8180,null,null,null,null,8180]
[null,"12",null,"ТЕКСТ….",null,null,null,null,null,null,null,null,null,null,null,null,null,null,null,null,null,null,null,null,null,null,null,null,null,null,null,null,null,null,null,1,null,null,null,null,null,"шт",null,null,4551,null,null,null,null,4551]
[null,"13",null,"ТЕКСТ….",null,null,null,null,null,null,null,null,null,null,null,null,null,null,null,null,null,null,null,null,null,null,null,null,null,null,null,null,null,null,null,2,null,null,null,null,null,"шт",null,null,6265,null,null,null,null,12530]
[null,"14",null,"ТЕКСТ….",null,null,null,null,null,null,null,null,null,null,null,null,null,null,null,null,null,null,null,null,null,null,null,null,null,null,null,null,null,null,null,2,null,null,null,null,null,"шт",null,null,5330,null,null,null,null,10660]
[]
[null,null,null,null,null,null,null,null,null,null,null,null,null,null,null,null,null,null,null,null,null,null,null,null,null,null,null,null,null,null,null,null,null,null,null,null,null,null,null,null,null,null,null,null,null,null,null,null,null,"Итого:",532377]
[null,null,null,null,null,null,null,null,null,null,null,null,null,null,null,null,null,null,null,null,null,null,null,null,null,null,null,null,null,null,null,null,null,null,null,null,null,null,null,null,null,null,null,null,null,null,null,null,null,"В том числе НДС 20%:",88729.51]
[null,null,null,null,null,null,null,null,null,null,null,null,null,null,null,null,null,null,null,null,null,null,null,null,null,null,null,null,null,null,null,null,null,null,null,null,null,null,null,null,null,null,null,null,null,null,null,null,null,"Всего к оплате:",532377]
[]
[null,"Пятьсот тридцать две тысячи триста семьдесят семь рублей 00 копеек"]
[]
[null,"Оплатить не позднее 18.07.2024"]
[null,"Оплата данного счета означает согласие с условиями поставки товара."]
[null,"Уведомление об оплате обязательно, в противном случае не гарантируется наличие товара на складе."]
[null,"Товар отпускается по факту прихода денег на р/с Поставщика, самовывозом, при наличии доверенности и паспорта."]
[]
[]
[]
[null,"Руководитель",null,null,null,null,null,null,null,null,null,null,null,null,null,null,null,null,null,null,null,null,null,null,null,null,null,null,null,null,null,null,null,null,null,null,null,"Бухгалтер"]